000 00519nam a2200205Ia 4500
003 IN-BaIIA
008 211028s9999 xx 000 0 eng d
020 _aNO
040 _cIIA Library
080 _a533.27
_bPEN
100 _aPenman, H. L.
_94620
245 0 _aHumidity
_cH. L. Penman
260 _aLondon
_bChapman and Hall
_c1955
300 _a71p.
490 _aThe Institute of Physics Monographs for Students
650 _aHumidity
_94621
650 _aMeteorology
650 _aNASA Thesaurus
942 _cBK
999 _c2600
_d2600